Maires de Paris depuis 1977. - Statistiques

Statistiques générales
  • Ce quiz a été pris 4 618 fois
  • Le résultat moyen est 4 sur 5
Statistiques - réponses
Mandat Parti Maire % Correct
2014-2026 PS Anne Hidalgo
98%
1977-1995 RPR Jacques Chirac
86%
2026- PS Emmanuel Grégoire
82%
2001-2014 PS Bertrand Delanoë
62%
1995-2001 RPR Jean Tiberi
39%
Aucun quiz correspondant
Distribution des résultats
% des personnes avec chaque résultat
Percentile par nombre de réponses
Votre historique - résultats
Vous n’avez pas pris ce quiz